Statistics for Country Word Puzzle

Click here to take the quiz!

General Stats

  • This quiz has been taken 22 times
  • The average score is 5 of 16

Answer Stats

Answer% Correct
China
79%
Iran
58%
Mali
47%
Oman
47%
Benin
42%
Ghana
37%
Laos
37%
Gabon
26%
Nepal
26%
Peru
26%
Serbia
26%
Tonga
21%
Brazil
11%
Germany
11%
Iceland
11%
Spain
11%

Score Distribution

Percentile by Number Answered

Percent of People with Each Score

Your Score History

You have not taken this quiz